Que es el materialismo histórico (Record no. 12425)

MARC details
000 -LEADER
fixed length control field 00472nam a22001577a 4500
005 - DATE AND TIME OF LATEST TRANSACTION
control field 20210324103852.0
008 - FIXED-LENGTH DATA ELEMENTS--GENERAL INFORMATION
fixed length control field 110919t mx||||| |||| 00| 0 spa d
050 04 - LIBRARY OF CONGRESS CALL NUMBER
Classification number D169
Item number S53 1993
100 1# - MAIN ENTRY--PERSONAL NAME
Personal name Sidorov, M.M.
245 10 - TITLE STATEMENT
Title Que es el materialismo histórico
Statement of responsibility, etc / M.M. Sidorov.
260 ## - PUBLICATION, DISTRIBUTION, ETC. (IMPRINT)
Place of publication, distribution, etc México :
Name of publisher, distributor, etc Quinto Sol,
Date of publication, distribution, etc c1993
300 ## - PHYSICAL DESCRIPTION
Extent 177 p. ;
Dimensions 16 cm.
490 #0 - SERIES STATEMENT
Series statement Cuadernos de marxismo
650 #4 - SUBJECT ADDED ENTRY--TOPICAL TERM
Topical term or geographic name as entry element Materialismo Histórico
General subdivision Historia-Filosofia
942 ## - ADDED ENTRY ELEMENTS (KOHA)
Source of classification or shelving scheme Clasificación Decimal Dewey
Koha item type Libro
Holdings
Estado de pérdida Fuente de clasificación Estado del daño No para préstamo Ubicación permanente Ubicación actual Apartado o colección Fecha de adquisición Edición Área del conocimiento Clasificación Código de Barras Date last seen Número de copia Costo por reposición Tipo de recurso Total Checkouts
  Biblioteca del Cogreso de los Estados Unidos     Biblioteca de la Facultad de Psicología Biblioteca de la Facultad de Psicología General 19/09/2011 1a. ed. Ciencias de la Salud D169 S53 1993 BFP000002892 19/09/2011 C:1 1.00 Libro  
  Biblioteca del Cogreso de los Estados Unidos     Biblioteca de la Preparatoria Melchor Ocampo Biblioteca de la Preparatoria Melchor Ocampo General 11/11/2021 1a ed. Educación y Humanidades D16.5 S53 1993 PMO000002111 11/11/2021 C: 1 1.00 Libro